Turkey : (Record no. 15612)
[ view plain ]
| 000 -LEADER | |
|---|---|
| fixed length control field | 00531nam a22002055i 4500 |
| 001 - CONTROL NUMBER | |
| control field | 17884173 |
| 005 - DATE AND TIME OF LATEST TRANSACTION | |
| control field | 20170105102922.0 |
| 008 - FIXED-LENGTH DATA ELEMENTS--GENERAL INFORMATION | |
| fixed length control field | 130912s2014 nyu 000 0 eng |
| 010 ## - LIBRARY OF CONGRESS CONTROL NUMBER | |
| LC control number | 2013950323 |
| 020 ## - INTERNATIONAL STANDARD BOOK NUMBER | |
| International Standard Book Number | 9780500290385 (paper) |
| 040 ## - CATALOGING SOURCE | |
| Original cataloging agency | DLC |
| Language of cataloging | eng |
| Description conventions | rda |
| Transcribing agency | DLC |
| 042 ## - AUTHENTICATION CODE | |
| Authentication code | pcc |
| 100 1# - MAIN ENTRY--PERSONAL NAME | |
| Personal name | Stone, Norman. |
| 245 10 - TITLE STATEMENT | |
| Title | Turkey : |
| Remainder of title | a short history / |
| Statement of responsibility, etc. | Norman Stone. |
| 263 ## - PROJECTED PUBLICATION DATE | |
| Projected publication date | 1404 |
| 300 ## - PHYSICAL DESCRIPTION | |
| Extent | 192 p: |
| Other physical details | 22cm |
| 906 ## - LOCAL DATA ELEMENT F, LDF (RLIN) | |
| a | 0 |
| b | ibc |
| c | orignew |
| d | 2 |
| e | epcn |
| f | 20 |
| g | y-gencatlg |
| 942 ## - ADDED ENTRY ELEMENTS (KOHA) | |
| Source of classification or shelving scheme | |
| Koha item type | Book |
| Withdrawn status | Lost status | Damaged status | Not for loan | Collection code | Permanent Location | Current Location | Shelving location | Date acquired | Total Checkouts | Full call number | Barcode | Date last seen | Date last checked out | Price effective from | Koha item type |
|---|---|---|---|---|---|---|---|---|---|---|---|---|---|---|---|
| Centre for International Peace & Stability (CIPS) | Centre for International Peace & Stability (CIPS) | General Stacks | 09/27/2013 | 2 | 956.1 STO 2010 | CIPS0001649 | 04/14/2026 | 02/10/2026 | 12/06/2013 | Book |
